Positive Mind Power (Record no. 2163)
[ view plain ]
| 000 -LEADER | |
|---|---|
| fixed length control field | 00290nam a2200121Ia 4500 |
| 008 - FIXED-LENGTH DATA ELEMENTS--GENERAL INFORMATION | |
| fixed length control field | 191201s2019 xx 000 0 und d |
| 100 ## - MAIN ENTRY--PERSONAL NAME | |
| Personal name | MITTAL, R K |
| 245 #0 - TITLE STATEMENT | |
| Title | Positive Mind Power |
| 260 ## - PUBLICATION, DISTRIBUTION, ETC. (IMPRINT) | |
| Place of publication, distribution, etc | N.Delhi |
| Name of publisher, distributor, etc | Sterling Publishers |
| 300 ## - PHYSICAL DESCRIPTION | |
| Extent | 165 |
| 650 ## - SUBJECT ADDED ENTRY--TOPICAL TERM | |
| Topical term or geographic name as entry element | General Books |
| 942 ## - ADDED ENTRY ELEMENTS (KOHA) | |
| Source of classification or shelving scheme | Dewey Decimal Classification |
| Koha item type | Text Books |
| Withdrawn status | Lost status | Source of classification or shelving scheme | Damaged status | Not for loan | Collection code | Home library | Current library | Date acquired | Source of acquisition | Cost, normal purchase price | Bill Number | Total Checkouts | Full call number | Acc. no. / Barcode | Checked out | Date last seen | Date last borrowed | Bill Date | Koha item type | Public note |
|---|---|---|---|---|---|---|---|---|---|---|---|---|---|---|---|---|---|---|---|---|
| Dewey Decimal Classification | GENERAL | PIET C-LIBRARY | PIET C-LIBRARY | 24/08/2006 | M/s UDH, Delhi | 150.00 | 125382 | 6 | 153.42 MIP | 3984 | 07/05/2026 | 08/11/2025 | 08/11/2025 | 23/08/2005 | Text Books | Motivational |